000 01286nmm a2200361 a 4500
001 ocm0001864976
003 TR-IsHL
005 20201028172252.0
008 180519s2017 tu eng
007 cr cn
020 _a9786051363301
035 _a1864976
_b(N$T)
050 0 4 _aRJ43.E25
_bA33 2017
090 0 4 _aRJ43.E25
_bA33 2017
100 1 _aAkar, Nejat
245 1 0 _aA pediatrician in Anatolia: Albert Eckstein =
_bAnadolu'da bir hekim: Albert Eckstein
_h[electronic resource] /
_cNejat Akar ; Alp Can, Ayşe Aysu Oral
250 _aBirinci basım
260 _aAnkara :
_bAnkara Üniversitesi Yayınevi,
_c2017
300 _a349 p.
650 4 _aTıp
650 4 _aMedicine
650 0 _aEckstein, Albert, 1891-1950
650 0 _aHekimler
_x Türkiye
_x Biyografi
650 0 _aPhysicians
_x Turkey
_x Biography
650 0 _aAlmanlar
_x Türkiye
_x Biyografi
650 0 _aGermans
_x Turkey
_x Biography
650 0 _aPediatristler
_x Türkiye
_x Biyografi
650 0 _aPediatricians
_x Turkey
_x Biography
650 7 _aBIOGRAPHY & AUTOBIOGRAPHY / Medical (incl. Patients)
_2bisacsh
700 1 _aCan, Alp
700 1 _aOral, Ayşe Aysu
856 4 0 _uhttp://search.ebscohost.com/login.aspx?direct=true&scope=site&db=e011xww&AN=1864976
999 _c17114
_d17114